000 00239nam a2200109Ia 4500
008 190216s9999||||xx |||||||||||||| ||und||
100 _aSingh&Amp;Thamar
245 0 _aCell Biology
260 _bRasthogi Pub
650 _aBotany
942 _cBK
999 _c1383
_d1383